A study of translation procedures for Vietnamese cultural words into English /

Saved in:
Bibliographic Details
Main Author: Trần Thị Phấn
Format: Unknown
Language:English
Published: 2001.
Subjects:
Tags: Add Tag
No Tags, Be the first to tag this record!
Institutions: Mạng thư viện Đại học Đà Nẵng
LEADER 01170na a2200325 4500
001 000031148
003 5594
005 20230225090552.0
008 151001s2001 000 eng
040 |a LNN 
041 |a eng 
082 |a 420.30  |b TR-P 
100 |a Trần Thị Phấn 
245 2 |a A study of translation procedures for Vietnamese cultural words into English /  |c Trần Thị Phấn. 
260 |c 2001. 
300 |a 40tr. : mh ; 30cm. 
650 |a A study of translation procedures for Vietnamese cultural words into English, 2001, 40tr, Trần Thị Phấn 
852 |c Luận văn sinh viên 
OWN |a LNN 
AVA |a UDN50  |b LNN  |c English  |d 420.30 TR-P  |e available  |t Error 5001 Not defined in file expand_doc_bib_avail.  |f 1  |g 0  |h N  |i 0  |j AN  |k 1 
999 |a From the UDN01 
AVA |a UDN50  |b LNN  |c English  |d 420.30 TR-P  |e available  |t Error 5001 Not defined in file expand_doc_bib_avail.  |f 1  |g 0  |h N  |i 0  |j AN  |k 1 
TYP |a Printed language 
980 |a Mạng thư viện Đại học Đà Nẵng